Statistics for Biggest Cities in Germany Quiz

Click here to take the quiz!

General Stats

  • This quiz has been taken 104,955 times
    (68,531 since last reset)
  • The average score is 12 of 20

Answer Stats

Population City % Correct
3,644,826Berlin
100%
1,471,508Munich
96%
1,841,179Hamburg
92%
753,056Frankfurt
90%
1,085,664Cologne
83%
619,294Düsseldorf
75%
554,649Dresden
70%
634,830Stuttgart
69%
587,857Leipzig
60%
587,010Dortmund
60%
569,352Bremen
59%
538,068Hanover
58%
518,365Nuremberg
57%
327,258Bonn
54%
583,109Essen
52%
498,590Duisburg
26%
333,786Bielefeld
24%
314,319Münster
23%
364,628Bochum
21%
354,382Wuppertal
19%

Score Distribution

Percentile by Number Answered

Percent of People with Each Score

Your Score History

You have not taken this quiz since the last reset